000 00363pab a2200157 454500
008 180718b2007 xxu||||| |||| 00| 0 eng d
100 _aWalsh, Vivian
245 _aAmartya Sen on rationality and freedom
260 _c2007
300 _ap.59-83.
362 _aJan
650 _aSen, Amartya
773 _aScience and Society
908 _aN
909 _a75297
999 _c75297
_d75297